Tachdjian's Pediatric Orthopaedics (Record no. 2026)

MARC details
000 -LEADER
fixed length control field 00584nam a22002177a 4500
003 - CONTROL NUMBER IDENTIFIER
control field OSt
005 - DATE AND TIME OF LATEST TRANSACTION
control field 20150611191503.0
008 - FIXED-LENGTH DATA ELEMENTS--GENERAL INFORMATION
fixed length control field 150611b xxu||||| |||| 00| 0 eng d
020 ## - INTERNATIONAL STANDARD BOOK NUMBER
International Standard Book Number 9781437715491
040 ## - CATALOGING SOURCE
Transcribing agency DNLM
082 ## - DEWEY DECIMAL CLASSIFICATION NUMBER
Classification number WS270 H435t 2014
100 ## - MAIN ENTRY--PERSONAL NAME
Personal name Herring, John Anthony
9 (RLIN) 5266
245 ## - TITLE STATEMENT
Title Tachdjian's Pediatric Orthopaedics
250 ## - EDITION STATEMENT
Edition statement 5th ed.
260 ## - PUBLICATION, DISTRIBUTION, ETC. (IMPRINT)
Place of publication, distribution, etc. Philadelphia;
Name of publisher, distributor, etc. Elsevier,
Date of publication, distribution, etc. 2014
300 ## - PHYSICAL DESCRIPTION
Extent xli,1516p;
Other physical details col.ill:
Dimensions 28cm
504 ## - BIBLIOGRAPHY, ETC. NOTE
Bibliography, etc References, & index included
650 ## - SUBJECT ADDED ENTRY--TOPICAL TERM
Topical term or geographic name as entry element Pediatrics
9 (RLIN) 3353
651 ## - SUBJECT ADDED ENTRY--GEOGRAPHIC NAME
Geographic name Orthopaedics
9 (RLIN) 5267
942 ## - ADDED ENTRY ELEMENTS (KOHA)
Source of classification or shelving scheme Other/Generic Classification Scheme
Koha item type Open Shelf
Holdings
Withdrawn status Lost status Source of classification or shelving scheme Damaged status Not for loan Home library Current library Date acquired Source of acquisition Inventory number Total Checkouts Full call number Barcode Date last seen Koha item type
    Other/Generic Classification Scheme     MUST Main Library MUST Main Library 11/06/2015   15/39182   WS270 H435t 2014 2015-1850 11/06/2015 Open Shelf
    Other/Generic Classification Scheme     MUST Main Library MUST Main Library 11/06/2015   15/39183   WS270 H435t 2014 2015-1851 11/06/2015 Open Shelf